| 000 | 00857nam a22002177a 4500 | ||
|---|---|---|---|
| 005 | 20240530110543.0 | ||
| 008 | 160518s2013 su a f 000 0 ara d | ||
| 017 |
_a1434/4062 _bالسعودية . مكتبة الملك فهد الوطنية |
||
| 020 | _a9786038120767 | ||
| 040 | _aEG-CaGPL | ||
| 082 | 0 | 4 |
_221 _a362.1\ _bر خ |
| 100 | 0 | _aرشاد احمد عبداللطيف | |
| 245 | 1 | 2 |
_aالخدمة الاجتماعية فى مجال الطب الشرعى / _cرشاد احمد عبداللطيف ، نوال على المسيرى |
| 250 | _aط. 1 | ||
| 260 |
_aالرياض : _bدار الزهراء ، _c2013 . |
||
| 300 |
_a368 ص. : _bايض ؛ _c24 سم . |
||
| 650 | 0 | 4 | _aالطب الشرعى |
| 650 | 0 | 4 | _aالخدمة الاجتماعية الطبية |
| 700 | 0 |
_aنوال على المسيرى _eمؤلف مشارك |
|
| 942 |
_2ddc _cBK |
||
| 999 |
_c62296 _d62296 |
||